| 000 | 01109aam a2200289 i 4500 | ||
|---|---|---|---|
| 001 | 990429 | ||
| 003 | EG-ScBUE | ||
| 005 | 20250120110226.0 | ||
| 008 | 861212s1987 ne a f b 001 0 eng d | ||
| 020 | _a0444430326 | ||
| 040 |
_aDLC _beng _erda _cDLC _dDLC _dEG-ScBUE |
||
| 082 | 0 | 4 |
_a519.538 _222 _bDEM |
| 100 | 1 |
_aDeming, Stanley N., _d1944- _eauthor. _97656 |
|
| 245 | 1 | 0 |
_aExperimental design : _ba chemometric approach / _cStanley N. Deming, Department of Chemistry, University of Houston and Stephen L. Morgan, Department of Chemistry, University of South Carolina. |
| 264 | 1 |
_aAmsterdam : _bElsevier, _c1987. |
|
| 300 |
_axiii, 285 pages : _billustrations ; _c25 cm. |
||
| 336 |
_2rdacontent _atext _btxt |
||
| 337 |
_aunmediated _2rdamedia _bn |
||
| 338 |
_avolume _bnc _2rdacarrier |
||
| 490 | 0 |
_aData handling in science and technology ; _vv. 3 |
|
| 504 | _aIncludes bibliographical references and index. | ||
| 650 | 7 |
_aChemometrics. _2BUEsh _97657 |
|
| 650 | 7 |
_aExperimental design. _2BUEsh _97658 |
|
| 655 | _vReading book | ||
| 700 | 1 |
_aMorgan, Stephen L., _d1949- _eauthor. _97659 |
|
| 942 |
_2ddc _cBB |
||
| 999 |
_c12223 _d12223 |
||